| 000 | 00780nam a2200181Ia 4500 | ||
|---|---|---|---|
| 003 | GCL | ||
| 008 | 140319s9999 xx 000 0 ara d | ||
| 040 |
_aGCL / _cGCL |
||
| 082 | 0 | 4 |
_a920.71 _bع ت |
| 100 | 1 | _aابن عساكر: ابومحمد القاسم على بن الحسن بن هبة الله بن الحسين | |
| 245 | 1 | 0 |
_aتهذيب تاريخ دمشق الكبير / _cابن عساكر: ابومحمد القاسم على بن الحسن بن هبة الله بن الحسين |
| 260 |
_aبيروت : _bدار المسيرة للنشر والتوزيع والطباعة ، _c1979 |
||
| 300 |
_aمتعدة ؛ _c24 سم |
||
| 650 | 0 | 4 | _aالتاريخ الاسلامى |
| 650 | 0 | 4 | _aاعلام العرب |
| 650 | 0 | 4 | _aاعلام الاسلام |
| 942 |
_2ddc _cBK |
||
| 999 |
_c59690 _d59690 |
||